Structure and dynamics of arthropod communities in bat guano deposits in buildings (Registro nro. 10577)

Detalles MARC
000 -CABECERA
Campo de control 006220000a22001930004500
090 ## - CLASIFICACIÓN LOCAL
Colección AR
Consecutivo 01494
041 0# - IDIOMA
Código de idioma para texto/pista de sonido o título separado
100 1# - ASIENTO PRINCIPAL--NOMBRE PERSONAL
Nombre personal Bernath, Robin Franklin
245 10 - MENCION DE TITULO
Título Structure and dynamics of arthropod communities in bat guano deposits in buildings
650 14 - ASIENTO SECUNDARIO DE MATERIA - TERMINO TEMATICO
Término temático o nombre geográfico como elemento de entrada Artrópodos
650 14 - ASIENTO SECUNDARIO DE MATERIA - TERMINO TEMATICO
Término temático o nombre geográfico como elemento de entrada Cuevas
650 14 - ASIENTO SECUNDARIO DE MATERIA - TERMINO TEMATICO
Término temático o nombre geográfico como elemento de entrada Guano
650 14 - ASIENTO SECUNDARIO DE MATERIA - TERMINO TEMATICO
Término temático o nombre geográfico como elemento de entrada Ecología
651 #4 - ASIENTO SECUNDARIO DE MATERIA - NOMBRE GEOGRAFICO
-- New Hampshire
-- Nueva Inglaterra
-- Estados Unidos
653 ## - TERMINO DE INDIZACION - NO CONTROLADO
-- Myotis
-- Myotis lucífugus
700 1# - ASIENTO SECUNDARIO - NOMBRE PERSONAL
Nombre personal Kunz, Thomas H.
773 1# - Item fuente:
Título Canadian Journal of Zoology
Especificación de materiales 188
Paginas del Articulo 260-270
Lugar, editorial y fecha de publicación 1981
Información sobre la relación 59
942 ## - ELEMENTOS ADICIONALES (KOHA)
Tipo de ítem Artículo
Existencias
Withdrawn status Lost status Damaged status No para préstamo Colección Ubicación Permanente Ubicación actual Fecha de adquisición Fuente de Valor Datos de publicación Seriada Total Checkouts Número topográfico Inventario / Código de Barras Date last seen Ejemplar Price effective from Forma de adquisición Tipo de material
      No para Préstamo Hemeroteca Bogotá Bogotá 27/02/2015 INCIVA Fuera de circulación   AR 01494 011853 25/03/2015 1 25/03/2015   Artículo